00281nam a2200097Ia 4500008004100000041000800041100002200049245006200071260003100133999001900164241105s9999 xx 000 0 und d aeng aShahTanvi9182906 aAdaptive ReUse Of Shipping Containers As Low Cost Housing bBNCA B-Arch ID, Punec2016 c361199d361199